Statistics for Capitals of Countries #2

Click here to take the quiz!

General Stats

  • This quiz has been taken 35 times
  • The average score is 9 of 10

Answer Stats

QuestionAnswer% Correct
What is the capital of Egypt?Cairo
100%
What is the capital of the United Kingdom?London
100%
What is the capital of France?Paris
100%
What is the capital of Italy?Rome
100%
What is the capital of Algeria?Algiers
96%
What is the capital of Argentina?Buenos Aires
96%
What is the capital of Colombia?Bogota
92%
What is the capital of Pakistan?Islamabad
92%
What is the capital of Ethiopia?Addis Ababa
88%
What is the capital of DR Congo?Kinshasa
63%

Score Distribution

Percentile by Number Answered

Percent of People with Each Score

Your Score History

You have not taken this quiz